| 000 | 00616nam a22001937a 4500 | ||
|---|---|---|---|
| 003 | AM-YeHGA | ||
| 005 | 20250617155933.0 | ||
| 008 | 191028s2019 ai ||||gr|||||||||1|arm|d | ||
| 020 | _a9789939027395 | ||
| 040 | _aAM-YeHGA | ||
| 041 | 0 | _aarm | |
| 100 | 1 | _aԱվդալյան, Աիդա | |
| 245 | 1 | 0 |
_aՁայն բազմաց՝ ձայն Աստծո : _bՔայլ արա / _cԱ. Ավդալյան. |
| 260 |
_aԵրևան : _bՀեղինակային հրատարակություն, _fՎՄՎ պրինտ, _c2019. |
||
| 300 |
_a232 էջ ; _c21 սմ. |
||
| 650 | 1 | 4 | _aՀայ պոեզիա |
| 942 |
_2udc _cBK |
||
| 090 | _c445172 | ||
| 999 |
_c442382 _d442382 |
||